El hundimiento de Puigcercós (Lérida) en 13 de enero de 1881 / (Record no. 49220)

MARC details
000 -LEADER
campo de control de longitud fija 00638nam a2200193 i 4500
001 - NÚMERO DE CONTROL
campo de control 49220
003 - IDENTIFICADOR DE NÚMERO DE CONTROL
campo de control ES-MaACL
005 - FECHA Y HORA DE LA ÚLTIMA TRANSACCIÓN
campo de control 20250825230916.0
007 - CAMPO FIJO DE DESCRIPCIÓN FÍSICA--INFORMACIÓN GENERAL
campo de control de longitud fija t|
008 - DATOS DE LONGITUD FIJA--INFORMACIÓN GENERAL
campo de control de longitud fija 030710q1881 sp ||||1| spa d
100 1# - ENTRADA PRINCIPAL--NOMBRE DE PERSONA
Nombre de persona Cortázar y Larrubia, Daniel de.
9 (RLIN) 40829
245 13 - MENCIÓN DEL TÍTULO
Título El hundimiento de Puigcercós (Lérida) en 13 de enero de 1881 /
Mención de responsabilidad, etc. Daniel de Cortázar y Larrubia.
260 ## - PUBLICACIÓN, DISTRIBUCIÓN, ETC.
Lugar de publicación, distribución, etc. [Madrid :
Nombre del editor, distribuidor, etc. s.n.,
Fecha de publicación, distribución, etc. ca. 1881] (
Fabricante M. Tello)
300 ## - DESCRIPCIÓN FÍSICA
Extensión 7 p. ;
Dimensiones 27 cm.
650 #4 - PUNTO DE ACCESO ADICIONAL DE MATERIA--TÉRMINO DE MATERIA
Término de materia o nombre geográfico como elemento de entrada Sismología-
Subdivisión geográfica Península Ibérica.
9 (RLIN) 170887
650 #7 - PUNTO DE ACCESO ADICIONAL DE MATERIA--TÉRMINO DE MATERIA
Término de materia o nombre geográfico como elemento de entrada Desprendimientos de tierras
Fuente del encabezamiento o término embne
9 (RLIN) 174145
852 4# - LOCALIZACIÓN
Ubicación ES-MaACL
Número de control de estantería T-515-F-4
Holdings
Estatus retirado Estado de pérdida Estado de daño No para préstamo Colección Biblioteca de origen Biblioteca actual Ubicación en estantería Fecha de adquisición Fuente de adquisición Total de préstamos Signatura topográfica completa Código de barras Visto por última vez Precio de reemplazo Tipo de ítem Koha
        Colección de folletos Biblioteca del Ateneo de Madrid Biblioteca del Ateneo de Madrid Depósito folletos 17/01/2008     T-515-F-4 1051795 23/02/2023 23/02/2023 Folleto